000 00474nam a2200157 i 4500
001 87919
003 ES-MaACL
005 20230906175751.0
007 t|
008 041228s1962 sp ||||1| spa d
100 1 _aLacroix, Jean.
_969405
245 1 0 _aMarxismo existencialismo personalismo
_b: (presencia de la eternidad en el tiempo) /
_cJean Lacroix.
260 _aBarcelona :
_bFontanella,
_c1962.
300 _a155 p. ;
_c18 cm.
852 _aES-MaACL
_jC-21434
_bR.49941
999 _c87919
_d87919